| 000 | 00396nam a2200145 a 4500 | ||
|---|---|---|---|
| 001 | 000029916 | ||
| 005 | 20200930055915.0 | ||
| 008 | 110427s19uu dr 000 0 spa d | ||
| 040 |
_aDO-SdBNP _bspa _cBNPHU |
||
| 100 | 1 |
_aMaría, Jacobo G. _956656 |
|
| 245 | 1 | 3 | _aUn alto a la intervención /. |
| 260 |
_a[Panamá] : _bEditorial La Nación, _c[199?]. |
||
| 300 |
_a52 p. ; _c23 cm. |
||
| 049 | _aBNPD | ||
| 999 |
_c29408 _d29408 |
||